[Event "Warsaw Maciei Memorial"]
[Site "Warsaw"]
[Date "2025.07.07"]
[Round "4"]
[White "Krasenkow, Michal"]
[Black "Sriram, Jha"]
[Result "1-0"]
[WhiteElo "2502"]
[BlackElo "2301"]
[PlyCount "59"]
[EventDate "2025.07.07"]
[EventType "swiss (blitz)"]
[EventRounds "11"]
[EventCountry "POL"]
[SourceTitle "CB28_2025"]
[SourceDate "2025.07.09"]
[SourceVersion "1"]
[SourceVersionDate "2025.07.09"]
[SourceQuality "1"]

1. e4 d6 2. d4 Nf6 3. Nc3 e5 4. dxe5 dxe5 5. Qxd8+ Kxd8 6. Bc4 Ke8 7. Nf3 Bd6 8. 0-0 Be6 9. Bxe6 fxe6 10. b3 a6 11. Bb2 Nbd7 12. Rfe1 Rg8 13. Nd2 Ke7 14. a4 Bc5 15. Nc4 Rgf8 16. Re2 Bd4 17. Nd1 Bxb2 18. Ndxb2 b5 19. Na5 c5 20. Nd3 Rfc8 21. c3 Kf7 22. Rd1 Rc7 23. axb5 axb5 24. b4 c4 25. Ne1 Nb6 26. Nf3 Nfd7 27. Red2 Ke7 28. Rd6 Rac8 29. Ng5 Nf8 30. Rxb6 1-0

[Event "Warsaw Maciei Memorial"]
[Site "Warsaw"]
[Date "2025.07.07"]
[Round "8"]
[White "Krasenkow, Michal"]
[Black "Teclaf, Pawel"]
[Result "1/2-1/2"]
[WhiteElo "2502"]
[BlackElo "2570"]
[PlyCount "138"]
[EventDate "2025.07.07"]
[EventType "swiss (blitz)"]
[EventRounds "11"]
[EventCountry "POL"]
[SourceTitle "CB28_2025"]
[SourceDate "2025.07.09"]
[SourceVersion "1"]
[SourceVersionDate "2025.07.09"]
[SourceQuality "1"]

1. d4 e6 2. c4 b6 3. a3 Bb7 4. Nc3 Nf6 5. Nf3 g6 6. Qc2 d5 7. cxd5 Nxd5 8. e4 Nxc3 9. bxc3 Bg7 10. Bg5 Qd6 11. Bb5+ c6 12. Bd3 Nd7 13. e5 Qc7 14. 0-0 c5 15. Be4 h6 16. Be3 Rc8 17. Bxb7 Qxb7 18. Qd2 cxd4 19. cxd4 g5 20. h4 g4 21. Nh2 h5 22. Rac1 0-0 23. Bh6 Qe4 24. Bxg7 Kxg7 25. f3 Qg6 26. fxg4 hxg4 27. Qf4 f5 28. exf6+ Rxf6 29. Qxg4 Qxg4 30. Nxg4 Rxf1+ 31. Rxf1 Rc4 32. Rd1 Rc3 33. d5 e5 34. Kf2 Rxa3 35. Rc1 Rd3 36. Rc7 Rxd5 37. Nxe5 Rxe5 38. Rxd7+ Kg6 39. Rxa7 Re4 40. g3 Rb4 41. Kf3 Rb3+ 42. Kg4 Rb4+ 43. Kh3 Rb3 44. Rb7 Rb1 45. Rb8 Rb2 46. Kg4 Rb4+ 47. Kf3 Rb3+ 48. Kf4 Rb4+ 49. Ke5 Kg7 50. Kf5 Rb5+ 51. Kg4 Rb4+ 52. Kh3 Kg6 53. Rg8+ Kf7 54. Rg5 Kf6 55. Rh5 Rb1 56. Rd5 Ke6 57. Rd3 b5 58. Kg4 b4 59. Kg5 Rc1 60. Rd8 Rc5+ 61. Kg6 Rc4 62. Kg5 Rc5+ 63. Kh6 Rb5 64. g4 b3 65. Rd1 b2 66. Rb1 Rb4 67. Kh5 Kf6 68. g5+ Kg7 69. g6 Rb5+ 1/2-1/2

[Event "Warsaw Maciei Memorial"]
[Site "Warsaw"]
[Date "2025.07.07"]
[Round "3"]
[White "Rosh, Jain"]
[Black "Krasenkow, Michal"]
[Result "0-1"]
[WhiteElo "2322"]
[BlackElo "2502"]
[PlyCount "146"]
[EventDate "2025.07.07"]
[EventType "swiss (blitz)"]
[EventRounds "11"]
[EventCountry "POL"]
[SourceTitle "CB28_2025"]
[SourceDate "2025.07.09"]
[SourceVersion "1"]
[SourceVersionDate "2025.07.09"]
[SourceQuality "1"]

1. e4 g6 2. d4 Bg7 3. Nc3 c6 4. Nf3 d6 5. Bc4 Nf6 6. a4 d5 7. exd5 cxd5 8. Bd3 Bg4 9. h3 Bxf3 10. Qxf3 Nc6 11. Ne2 0-0 12. Bf4 Nb4 13. 0-0 Rc8 14. c3 Nxd3 15. Qxd3 Qb6 16. a5 Qc6 17. Rfe1 a6 18. Ra3 Rfd8 19. Rb3 Rd7 20. Rb4 Ne4 21. Ng3 Nd6 22. Bxd6 Qxd6 23. Rb6 Qf4 24. Qe3 Qxe3 25. Rxe3 e6 26. Re1 Bf6 27. Ra1 Bd8 28. Rb3 Be7 29. Ne2 f6 30. Rb6 Bd6 31. Re1 Kf7 32. Nc1 e5 33. dxe5 fxe5 34. Rd1 Bc5 35. Rb3 e4 36. Ne2 Ke6 37. Nd4+ Ke5 38. Kf1 Rf8 39. Ke2 Rdf7 40. f3 exf3+ 41. Nxf3+ Kd6 42. c4 Re7+ 43. Kf1 d4 44. Kg1 Kc7 45. Rbd3 Rf4 46. Kf2 Re3 47. b3 Rxd3 48. Rxd3 Re4 49. Ng5 Re7 50. Kf3 Bb4 51. Rxd4 Bxa5 52. Re4 Rd7 53. Ne6+ Kd6 54. Ng5 Kc5 55. Kg4 Kb4 56. Re3 Bb6 57. Rf3 Rd4+ 58. Kg3 Bc7+ 59. Kf2 Rd2+ 60. Kf1 Bd8 61. Nxh7 Rb2 62. Nf8 Rxb3 63. Rf7 Kxc4 64. Nxg6 a5 65. Ne5+ Kd5 66. Rd7+ Kxe5 67. Rxd8 a4 68. Re8+ Kd4 69. Ra8 a3 70. h4 Kc3 71. g4 Kb2 72. Kg2 a2 73. g5 Ra3 0-1

[Event "Purtichju op 10th"]
[Site "Porticcio"]
[Date "2025.07.04"]
[Round "9"]
[White "Carnicelli, Valerio"]
[Black "Krasenkow, Michal"]
[Result "1-0"]
[WhiteElo "2396"]
[BlackElo "2502"]
[PlyCount "67"]
[EventDate "2025.06.28"]
[EventType "swiss"]
[EventRounds "9"]
[EventCountry "FRA"]
[SourceTitle "CB29_2025"]
[SourceDate "2025.07.16"]
[SourceVersion "1"]
[SourceVersionDate "2025.07.16"]
[SourceQuality "1"]

1. e4 e5 2. Nf3 Nc6 3. Nc3 g6 4. d4 exd4 5. Nxd4 Bg7 6. Be3 Nf6 7. Nxc6 bxc6 8. e5 Ng8 9. Qe2 Ne7 10. 0-0-0 0-0 11. Bg5 h6 12. Bh4 g5 13. Bg3 Nf5 14. f4 Rb8 15. Qf2 Qe7 16. Bc4 d6 17. Rhe1 d5 18. Bb3 Be6 19. Qxa7 Nxg3 20. hxg3 Rb6 21. Na4 Rb5 22. Qf2 Bf5 23. Rd4 g4 24. Nc3 Rb6 25. Nd1 Ra8 26. Ne3 Bc8 27. c3 h5 28. Qc2 Qe8 29. Rdd1 Bf8 30. Rh1 Bc5 31. Rde1 Bxe3+ 32. Rxe3 f5 33. e6 Qg6 34. Rhe1 1-0

[Event "POL-chT Ekstraliga"]
[Site "Chotowa"]
[Date "2025.06.05"]
[Round "4.3"]
[White "Baum, Jonasz"]
[Black "Krasenkow, Michal"]
[Result "1-0"]
[WhiteElo "2479"]
[BlackElo "2520"]
[PlyCount "97"]
[EventDate "2025.06.02"]
[EventType "team-tourn"]
[EventRounds "9"]
[EventCountry "POL"]
[SourceTitle "CB24_2025"]
[SourceDate "2025.06.11"]
[SourceVersion "1"]
[SourceVersionDate "2025.06.11"]
[SourceQuality "1"]
[WhiteTeam "Raciborz Silesia"]
[BlackTeam "Gorzow Wielkopolski Stilon"]
[WhiteTeamCountry "POL"]
[BlackTeamCountry "POL"]

1. d4 d5 2. c4 e6 3. Nf3 c6 4. Bg5 Be7 5. Bxe7 Qxe7 6. e3 Nf6 7. Nc3 0-0 8. Qc2 Nbd7 9. cxd5 exd5 10. Bd3 Re8 11. 0-0 Ne4 12. b4 Nb6 13. b5 cxb5 14. Bxb5 Bd7 15. Bxd7 Qxd7 16. Nxe4 dxe4 17. Nd2 Rac8 18. Qb1 f5 19. Qb3+ Kh8 20. Rac1 Re6 21. Rxc8+ Qxc8 22. Qa3 Qb8 23. Rc1 h6 24. Qa5 Rf6 25. Rc5 g6 26. h4 h5 27. g3 Rf7 28. Nc4 Nxc4 29. Rxc4 b6 30. Qd5 Kg7 31. Rc6 Re7 32. g4 fxg4 33. Qg5 Qe8 34. Rxg6+ Qxg6 35. Qxe7+ Qf7 36. Qxe4 Qxa2 37. Qe5+ Kf8 38. d5 Qb1+ 39. Kg2 a5 40. d6 Qh7 41. Qe6 Qf7 42. Qc8+ Kg7 43. Qc7 Kg6 44. d7 Qf3+ 45. Kg1 Qd1+ 46. Kh2 Qd2 47. Kg3 Qd5 48. e4 Qd3+ 49. Kf4 1-0

[Event "Tartu Rapid op"]
[Site "Tartu"]
[Date "2025.04.24"]
[Round "5"]
[White "Bril, Leonid"]
[Black "Krasenkow, Michal"]
[Result "0-1"]
[WhiteElo "2183"]
[BlackElo "2520"]
[PlyCount "68"]
[EventDate "2025.04.24"]
[EventType "swiss (rapid)"]
[EventRounds "11"]
[EventCountry "EST"]
[SourceTitle "CB20_2025"]
[SourceDate "2025.05.14"]
[SourceVersion "1"]
[SourceVersionDate "2025.05.14"]
[SourceQuality "1"]

1. c4 e5 2. Nc3 d6 3. Nf3 f5 4. e4 fxe4 5. Nxe4 Nf6 6. Nxf6+ Qxf6 7. d4 e4 8. Ng5 Bf5 9. Qb3 Nd7 10. Qxb7 Rb8 11. Qd5 c6 12. Qxc6 Qxd4 13. Be2 Be7 14. 0-0 0-0 15. Be3 Qe5 16. Rad1 Bxg5 17. Bxg5 Rxb2 18. Rd5 Qe8 19. Rd2 Rxd2 20. Bxd2 Qe5 21. Bb4 Nc5 22. Rd1 e3 23. Bxc5 dxc5 24. f3 Bc2 25. Qd5+ Qxd5 26. Rxd5 Rb8 27. h4 Rb1+ 28. Kh2 Re1 29. Rxc5 Rxe2 30. Rc8+ Kf7 31. Rc7+ Kf6 32. c5 Rd2 33. Kg3 e2 34. Kf2 Bd3 0-1

[Event "Tartu Estiko Blitz op 2nd"]
[Site "Tartu"]
[Date "2025.04.24"]
[Round "6"]
[White "Krasenkow, Michal"]
[Black "Motylev, Alexander"]
[Result "0-1"]
[WhiteElo "2520"]
[BlackElo "2595"]
[PlyCount "103"]
[EventDate "2025.04.24"]
[EventType "swiss (blitz)"]
[EventRounds "9"]
[EventCountry "EST"]
[SourceTitle "CB20_2025"]
[SourceDate "2025.05.14"]
[SourceVersion "1"]
[SourceVersionDate "2025.05.14"]
[SourceQuality "1"]

1. d4 d5 2. c4 c6 3. Nc3 Nf6 4. e3 e6 5. Nf3 Nbd7 6. Qc2 b6 7. b3 Bb7 8. Bd3 Be7 9. 0-0 0-0 10. Bb2 h6 11. e4 dxe4 12. Nxe4 Nxe4 13. Bxe4 Nf6 14. Ne5 Nxe4 15. Qxe4 Qc7 16. Qg4 Bf6 17. f4 Rad8 18. f5 Bc8 19. fxe6 Bxe6 20. Qg3 Bxe5 21. dxe5 Rd7 22. Rad1 Rfd8 23. Rd6 c5 24. Rfd1 Qb7 25. Bc1 Kf8 26. Qh4 Ke8 27. h3 Qc7 28. Qf4 Qb7 29. Kh2 Qc7 30. Qg3 Kf8 31. Bf4 Qb7 32. Qd3 Kg8 33. Bg3 Kh8 34. Bh4 Rxd6 35. exd6 Rd7 36. Be7 Qc8 37. Qg3 Qg8 38. Re1 Qh7 39. Qe5 Qf5 40. Qxf5 Bxf5 41. Kg3 f6 42. Kf4 Bg6 43. a3 a5 44. Re2 Kg8 45. Rb2 Bf7 46. b4 cxb4 47. axb4 Bxc4 48. bxa5 bxa5 49. Rb8+ Kf7 50. Ra8 Bd5 51. Rxa5 Bxg2 52. Ra3 0-1

[Event "Tartu Estiko Blitz op 2nd"]
[Site "Tartu"]
[Date "2025.04.24"]
[Round "5"]
[White "Larkin, Vladislav"]
[Black "Krasenkow, Michal"]
[Result "1/2-1/2"]
[WhiteElo "2443"]
[BlackElo "2520"]
[PlyCount "96"]
[EventDate "2025.04.24"]
[EventType "swiss (blitz)"]
[EventRounds "9"]
[EventCountry "EST"]
[SourceTitle "CB20_2025"]
[SourceDate "2025.05.14"]
[SourceVersion "1"]
[SourceVersionDate "2025.05.14"]
[SourceQuality "1"]

1. e4 d6 2. d4 Nf6 3. Nc3 c6 4. f4 Qa5 5. e5 Ne4 6. Qf3 Nxc3 7. Bd2 Qd5 8. bxc3 Qxf3 9. Nxf3 Bg4 10. Be2 e6 11. 0-0 Nd7 12. a4 d5 13. a5 Be7 14. Rfb1 Rb8 15. Kf2 0-0 16. h3 Bf5 17. Rb2 h5 18. Bd3 g6 19. Ke2 b6 20. axb6 axb6 21. Ra7 Rfd8 22. Rba2 Kf8 23. Be1 b5 24. Rc7 Rbc8 25. Raa7 Ke8 26. Bh4 Bxh4 27. Nxh4 Bxd3+ 28. cxd3 Rxc7 29. Rxc7 Nb8 30. Ra7 Rd7 31. Ra8 Rb7 32. Nf3 b4 33. cxb4 Rxb4 34. Ra7 Nd7 35. Rc7 Rb2+ 36. Kf1 Rc2 37. Ng5 c5 38. Nxf7 Kxf7 39. Rxd7+ Ke8 40. Rc7 c4 41. dxc4 dxc4 42. g4 hxg4 43. hxg4 c3 44. Rc5 Rd2 45. Rxc3 Rxd4 46. Rf3 g5 47. fxg5 Rxg4 48. Rf6 Rxg5 1/2-1/2

[Event "Bundesliga 2425"]
[Site "Germany"]
[Date "2025.02.23"]
[Round "10.8"]
[White "Garner, Isaac"]
[Black "Krasenkow, Michal"]
[Result "1/2-1/2"]
[WhiteElo "2331"]
[BlackElo "2512"]
[PlyCount "83"]
[EventDate "2024.09.28"]
[EventType "team-tourn"]
[EventRounds "15"]
[EventCountry "GER"]
[SourceTitle "CB09_2025"]
[SourceDate "2025.02.27"]
[SourceVersion "1"]
[SourceVersionDate "2025.02.27"]
[SourceQuality "1"]
[WhiteTeam "Hamburger SK"]
[BlackTeam "Deizisau"]
[WhiteTeamCountry "GER"]
[BlackTeamCountry "GER"]

1. Nf3 d6 2. d4 Bg4 3. e4 Nd7 4. h3 Bh5 5. g4 Bg6 6. Nc3 e6 7. h4 h5 8. g5 c6 9. Bd3 Ne7 10. Bf4 d5 11. Qd2 dxe4 12. Bxe4 Nf5 13. 0-0-0 Bb4 14. a3 Ba5 15. Qd3 0-0 16. Ne2 Bc7 17. Kb1 Qb8 18. Bxc7 Qxc7 19. Qd2 Ne7 20. Bxg6 fxg6 21. Qe3 Kh7 22. Qxe6 Rxf3 23. Qxe7 Raf8 24. Nc1 R8f7 25. Qe6 Rxf2 26. Nd3 R2f5 27. Rhe1 c5 28. dxc5 Qg3 29. Qc4 Qf3 30. b4 a6 31. Qe4 Qg3 32. Re3 Qc7 33. Qe6 Qh2 34. Re4 Qg2 35. Rde1 Nf8 36. Qe8 Rd7 37. Nf4 Qd2 38. Qb8 Rd8 39. Qc7 Rd7 40. Qb8 Rd8 41. Qc7 Rd7 42. Qb8 1/2-1/2

[Event "Wch Seniors 50 32nd"]
[Site "Porto Santo"]
[Date "2024.11.27"]
[Round "10"]
[White "Maksimenko, Andrei"]
[Black "Krasenkow, Michal"]
[Result "0-1"]
[WhiteElo "2403"]
[BlackElo "2503"]
[PlyCount "126"]
[EventDate "2024.11.17"]
[EventType "swiss"]
[EventRounds "11"]
[EventCountry "POR"]
[SourceTitle "CB49_2024"]
[SourceDate "2024.12.04"]
[SourceVersion "1"]
[SourceVersionDate "2024.12.04"]
[SourceQuality "1"]

1. d4 Nf6 2. Nf3 g6 3. c4 Bg7 4. g3 0-0 5. Bg2 c6 6. Nc3 d5 7. Qb3 dxc4 8. Qxc4 Bf5 9. 0-0 Nbd7 10. Re1 Ne4 11. Qb3 Nb6 12. a4 Nxc3 13. bxc3 Be4 14. a5 Nd5 15. Bb2 c5 16. dxc5 Qc7 17. c4 Bxb2 18. Qxb2 Nf6 19. Qe5 Rfc8 20. Red1 Kg7 21. Rd4 Qxe5 22. Nxe5 Bxg2 23. Kxg2 Rxc5 24. Nd3 Rc7 25. c5 Nd7 26. Rb1 Kf8 27. Rdb4 Nxc5 28. Nxc5 Rxc5 29. Rxb7 Rxa5 30. e4 Re5 31. Rb8+ Rxb8 32. Rxb8+ Kg7 33. Rb7 a5 34. Ra7 g5 35. h3 h5 36. Kf3 f6 37. Ke3 f5 38. f3 fxe4 39. f4 gxf4+ 40. gxf4 Rb5 41. Rxe7+ Kf6 42. Rxe4 Rb3+ 43. Ke2 Rb6 44. Ra4 Rb5 45. Kf3 Kf5 46. Ke2 Ke6 47. Kf3 Kd5 48. Ra1 Ke6 49. Rd1 Rb4 50. Rd8 a4 51. Re8+ Kd5 52. Re5+ Kc4 53. Rxh5 a3 54. Ra5 Kb3 55. Kg4 Ra4 56. Re5 a2 57. Re1 a1Q 58. Rxa1 Rxa1 59. h4 Kc4 60. h5 Kd5 61. Kf5 Rh1 62. Kg6 Ke6 63. f5+ Ke7 0-1

[Event "Wch Seniors 50 32nd"]
[Site "Porto Santo"]
[Date "2024.11.25"]
[Round "8"]
[White "Mikhalevski, Victor"]
[Black "Krasenkow, Michal"]
[Result "1/2-1/2"]
[WhiteElo "2488"]
[BlackElo "2503"]
[PlyCount "177"]
[EventDate "2024.11.17"]
[EventType "swiss"]
[EventRounds "11"]
[EventCountry "POR"]
[SourceTitle "CB49_2024"]
[SourceDate "2024.12.04"]
[SourceVersion "1"]
[SourceVersionDate "2024.12.04"]
[SourceQuality "1"]

1. d4 d5 2. c4 e6 3. Nf3 c6 4. Nbd2 f5 5. g3 Nf6 6. Bg2 Bd6 7. 0-0 0-0 8. Ne5 b6 9. Ndf3 Ne4 10. Qc2 Bb7 11. Nd3 Nd7 12. Bf4 Rc8 13. cxd5 cxd5 14. Qa4 Bc6 15. Qb3 Bxf4 16. Nxf4 Qe7 17. Rfc1 Bb7 18. h4 Rfe8 19. e3 Qd6 20. Bf1 a6 21. a3 Rc6 22. Qb4 Qc7 23. Rxc6 Qxc6 24. Ng5 Nxg5 25. hxg5 Nf8 26. a4 a5 27. Qa3 Rc8 28. Bb5 Qc7 29. b4 axb4 30. Qxb4 Qc3 31. Qxc3 Rxc3 32. Rb1 Kf7 33. Be2 Bc6 34. Rxb6 Bxa4 35. Ra6 Bd7 36. Ra7 Ke8 37. Nh5 g6 38. Nf6+ Kd8 39. Ba6 Rc7 40. Ra8+ Ke7 41. Rb8 Ra7 42. Bb7 Ba4 43. Ng8+ Kf7 44. Nh6+ Ke7 45. Ng8+ Kf7 46. Nh6+ Ke7 47. Bc8 Kd6 48. Rb6+ Bc6 49. Kg2 Rc7 50. Ba6 Nd7 51. Rb2 Ra7 52. Be2 Ra8 53. g4 Ra5 54. Rc2 Ra7 55. gxf5 gxf5 56. Nf7+ Ke7 57. Rxc6 Kxf7 58. Bh5+ Ke7 59. Rc8 Nb6 60. Rh8 Kd6 61. Be2 Nc4 62. Rc8 Nd2 63. f3 Rg7 64. Kf2 Rxg5 65. Rc2 Nc4 66. Bxc4 dxc4 67. Rxc4 Rg7 68. Ra4 Kd5 69. Ra5+ Kd6 70. Ra8 Kd5 71. Rd8+ Kc6 72. Rb8 Kd5 73. Ra8 Kd6 74. Ra6+ Kd5 75. Ra5+ Kd6 76. e4 fxe4 77. fxe4 Rg4 78. Ke3 Rh4 79. Ra7 Rh3+ 80. Kf4 e5+ 81. Kg4 Re3 82. Ra6+ Ke7 83. dxe5 Rxe4+ 84. Kf5 Rh4 85. Ra7+ Ke8 86. Kf6 Rh6+ 87. Kf5 Rb6 88. Rxh7 Ra6 89. Rb7 1/2-1/2

[Event "Wch Seniors 50 32nd"]
[Site "Porto Santo"]
[Date "2024.11.24"]
[Round "7"]
[White "Krasenkow, Michal"]
[Black "Rozentalis, Eduardas"]
[Result "1-0"]
[WhiteElo "2503"]
[BlackElo "2489"]
[PlyCount "53"]
[EventDate "2024.11.17"]
[EventType "swiss"]
[EventRounds "11"]
[EventCountry "POR"]
[SourceTitle "CB49_2024"]
[SourceDate "2024.12.04"]
[SourceVersion "1"]
[SourceVersionDate "2024.12.04"]
[SourceQuality "1"]

1. Nf3 Nf6 2. c4 e6 3. Nc3 Bb4 4. g4 d6 5. g5 Nfd7 6. Qc2 Nc6 7. a3 Bxc3 8. Qxc3 Nde5 9. Nxe5 dxe5 10. Rg1 Qd4 11. d3 Qxc3+ 12. bxc3 Bd7 13. Bg2 0-0-0 14. f4 exf4 15. Bxf4 Na5 16. Be5 Rhg8 17. 0-0-0 Nc6 18. Bxc6 Bxc6 19. Rdf1 Rd7 20. Rf4 Kd8 21. Rh4 Ke8 22. Rxh7 Kf8 23. Rf1 a6 24. h4 g6 25. Rf6 Ke8 26. h5 gxh5 27. Rfh6 1-0

[Event "Wch Seniors 50 32nd"]
[Site "Porto Santo"]
[Date "2024.11.21"]
[Round "5"]
[White "Krasenkow, Michal"]
[Black "Shabalov, Alexander"]
[Result "1/2-1/2"]
[WhiteElo "2503"]
[BlackElo "2447"]
[PlyCount "128"]
[EventDate "2024.11.17"]
[EventType "swiss"]
[EventRounds "11"]
[EventCountry "POR"]
[SourceTitle "CB49_2024"]
[SourceDate "2024.12.04"]
[SourceVersion "1"]
[SourceVersionDate "2024.12.04"]
[SourceQuality "1"]

1. Nf3 Nf6 2. c4 e6 3. b3 g6 4. Bb2 Bg7 5. g3 0-0 6. Bg2 b6 7. Ne5 c6 8. d4 Bb7 9. 0-0 d6 10. Nd3 d5 11. Nd2 Nbd7 12. e4 Nxe4 13. Nxe4 dxe4 14. Bxe4 Qc7 15. Qc2 Rad8 16. Rad1 Nf6 17. Bg2 Ng4 18. Qe2 Nh6 19. Ne5 Nf5 20. c5 h6 21. h4 bxc5 22. dxc5 Qa5 23. Qc2 Qc7 24. Nf3 e5 25. Rxd8 Rxd8 26. Re1 Nd4 27. Nxd4 exd4 28. Bf1 Bc8 29. Bd3 Bg4 30. Kg2 Qd7 31. f3 Bh3+ 32. Kh2 Be6 33. Bc1 Bd5 34. Qe2 Bf8 35. h5 g5 36. Bb1 Bg7 37. f4 gxf4 38. Bxf4 f5 39. Qe7 Qxe7 40. Rxe7 Bf8 41. Re5 Be4 42. Bxe4 fxe4 43. Rxe4 d3 44. Bd2 Bxc5 45. Re6 a5 46. Rxc6 Bb4 47. Bxb4 axb4 48. Rc1 Kf7 49. Kg2 Kf6 50. Kf2 d2 51. Rd1 Kg5 52. Ke2 Kxh5 53. Rh1+ Kg4 54. Kd1 Rd6 55. Rh4+ Kxg3 56. Rxb4 h5 57. Rb8 h4 58. Rg8+ Kf3 59. Rf8+ Ke3 60. Re8+ Kd3 61. Re2 Kc3 62. Rh2 Rd4 63. Rh3+ Kb4 64. a4 Ka5 1/2-1/2

[Event "Wch Seniors 50 32nd"]
[Site "Porto Santo"]
[Date "2024.11.18"]
[Round "2"]
[White "Alonso Garcia, Rene Marcial"]
[Black "Krasenkow, Michal"]
[Result "0-1"]
[WhiteElo "2289"]
[BlackElo "2503"]
[PlyCount "90"]
[EventDate "2024.11.17"]
[EventType "swiss"]
[EventRounds "11"]
[EventCountry "POR"]
[SourceTitle "CB49_2024"]
[SourceDate "2024.12.04"]
[SourceVersion "1"]
[SourceVersionDate "2024.12.04"]
[SourceQuality "1"]

1. d4 d6 2. g3 e5 3. dxe5 dxe5 4. Qxd8+ Kxd8 5. Nc3 Be6 6. f4 Nd7 7. Bg2 Kc8 8. Nf3 Bd6 9. Ne4 Ngf6 10. Nxd6+ cxd6 11. Ng5 Kc7 12. b3 Rhe8 13. Nxe6+ Rxe6 14. Bh3 Re7 15. f5 Nc5 16. Bg2 h6 17. h3 Rd7 18. g4 d5 19. e3 a5 20. Bb2 Re8 21. Bf1 Kb6 22. a4 Rde7 23. Bb5 Rc8 24. Rh2 Nfe4 25. Rd1 Rd8 26. Bc4 Kc6 27. Bb5+ Kb6 28. Bc4 Kc6 29. Bb5+ Kc7 30. Rg2 f6 31. Kf1 Kb6 32. Kg1 Rc7 33. Kh2 Rcc8 34. Rc1 Na6 35. c3 Nac5 36. b4 Nb3 37. Rcc2 Nd6 38. bxa5+ Kxa5 39. Ba3 Nxb5 40. Bb4+ Kb6 41. Rb2 Nc5 42. axb5 Nd3 43. Rb3 Nxb4 44. cxb4 Kxb5 45. Ra2 d4 0-1

[Event "Warsaw Independence Rapid op"]
[Site "Warsaw"]
[Date "2024.11.11"]
[Round "7"]
[White "Jakubowski, Krzysztof"]
[Black "Krasenkow, Michal"]
[Result "0-1"]
[WhiteElo "2444"]
[BlackElo "2503"]
[PlyCount "78"]
[EventDate "2024.11.11"]
[EventType "swiss (rapid)"]
[EventRounds "9"]
[EventCountry "POL"]
[SourceTitle "CB47_2024"]
[SourceDate "2024.11.20"]
[SourceVersion "1"]
[SourceVersionDate "2024.11.20"]
[SourceQuality "1"]

1. e4 c6 2. d4 d5 3. e5 Bf5 4. Nf3 e6 5. Be2 Ne7 6. 0-0 Ng6 7. Re1 Be7 8. Nbd2 Nh4 9. Nxh4 Bxh4 10. Nf3 Be7 11. a4 a5 12. c3 0-0 13. Bd3 Bxd3 14. Qxd3 c5 15. Be3 Qc7 16. h4 cxd4 17. Bxd4 Nc6 18. Ng5 Bxg5 19. hxg5 Rfc8 20. Re2 Nxd4 21. cxd4 Qc4 22. Qe3 Ra6 23. Kh2 Rb6 24. Ra3 Qc1 25. f4 Qxe3 26. Rexe3 Rxb2 27. Rab3 Rcc2 28. Rxb2 Rxb2 29. Rc3 g6 30. Rc7 Rb4 31. Kg3 Rxd4 32. Rxb7 Rxa4 33. Ra7 Ra1 34. Kf2 a4 35. g4 a3 36. Ra8+ Kg7 37. Ra7 a2 38. f5 gxf5 39. gxf5 Rh1 0-1

[Event "POL-chT Ekstraliga"]
[Site "Walbrzych"]
[Date "2024.10.15"]
[Round "9.2"]
[White "Lagarde, Maxime"]
[Black "Krasenkow, Michal"]
[Result "1-0"]
[WhiteElo "2595"]
[BlackElo "2490"]
[PlyCount "83"]
[EventDate "2024.10.07"]
[EventType "team-tourn"]
[EventRounds "9"]
[EventCountry "POL"]
[SourceTitle "CB42_2024"]
[Source "ChessBase"]
[SourceDate "2024.10.16"]
[SourceVersion "1"]
[SourceVersionDate "2024.10.16"]
[SourceQuality "1"]
[WhiteTeam "Pegow Wieza"]
[BlackTeam "Gorzow Wielkopolski Stilon"]
[WhiteTeamCountry "POL"]
[BlackTeamCountry "POL"]

1. e4 c5 2. Nf3 Nc6 3. Bb5 e6 4. 0-0 Nge7 5. Re1 a6 6. Bf1 d5 7. d3 b6 8. c3 Bb7 9. Nbd2 Ng6 10. g3 Be7 11. e5 d4 12. c4 Qc7 13. Qe2 0-0 14. h4 h5 15. a3 b5 16. b3 Rab8 17. Bh3 Ba8 18. Ra2 bxc4 19. bxc4 Na5 20. Ne4 Rb1 21. Nfd2 Rxc1 22. Rxc1 Nxe5 23. f4 Ng4 24. Bxg4 hxg4 25. Qxg4 f5 26. Qg6 fxe4 27. Qxe6+ Kh8 28. Nxe4 Bb7 29. Ng5 Qc6 30. Qxc6 Bxc6 31. Rb2 Bxg5 32. hxg5 Bd7 33. Rb6 Bf5 34. Rxa6 Nb3 35. Rd1 Rb8 36. g6 Kg8 37. g4 Bxg4 38. Rb1 Kf8 39. Ra7 Rb6 40. Kf2 Ke8 41. Rxg7 Bf5 42. Rh1 1-0

[Event "POL-chT Ekstraliga"]
[Site "Walbrzych"]
[Date "2024.10.13"]
[Round "7.8"]
[White "Grandelius, Nils"]
[Black "Krasenkow, Michal"]
[Result "1-0"]
[WhiteElo "2650"]
[BlackElo "2490"]
[PlyCount "53"]
[EventDate "2024.10.07"]
[EventType "team-tourn"]
[EventRounds "9"]
[EventCountry "POL"]
[SourceTitle "CB42_2024"]
[Source "ChessBase"]
[SourceDate "2024.10.16"]
[SourceVersion "1"]
[SourceVersionDate "2024.10.16"]
[SourceQuality "1"]
[WhiteTeam "Wroclaw Polonia"]
[BlackTeam "Gorzow Wielkopolski Stilon"]
[WhiteTeamCountry "POL"]
[BlackTeamCountry "POL"]

1. e4 c5 2. Nf3 Nc6 3. Bb5 e6 4. c3 Nge7 5. d4 d5 6. dxc5 Bd7 7. Nbd2 Qc7 8. 0-0 0-0-0 9. b4 Be8 10. Qe2 Ng6 11. Nb3 dxe4 12. Qxe4 Be7 13. a4 Bf6 14. Bd2 Nge5 15. Rfd1 Nxf3+ 16. Qxf3 Ne5 17. Qe2 Ng6 18. Na5 Rd5 19. Nc4 Be7 20. Be3 Nf4 21. Bxf4 Rxd1+ 22. Rxd1 Qxf4 23. g3 Qc7 24. Qf3 f5 25. Qe3 Kb8 26. Bxe8 Rxe8 27. Qxe6 1-0

[Event "POL-ch Rapid"]
[Site "Lublin"]
[Date "2024.10.05"]
[Round "5"]
[White "Dobrowolski, Piotr"]
[Black "Krasenkow, Michal"]
[Result "1-0"]
[WhiteElo "2384"]
[BlackElo "2490"]
[PlyCount "55"]
[EventDate "2024.10.05"]
[EventType "swiss (rapid)"]
[EventRounds "9"]
[EventCountry "POL"]
[SourceTitle "CB45_2024"]
[Source "ChessBase"]
[SourceDate "2024.11.06"]
[SourceVersion "1"]
[SourceVersionDate "2024.11.06"]
[SourceQuality "1"]

1. e4 g6 2. d4 Bg7 3. c4 d6 4. Nc3 e5 5. Nge2 exd4 6. Nxd4 Ne7 7. h4 Nbc6 8. Be3 h5 9. Qd2 0-0 10. Be2 Ne5 11. Bh6 c6 12. Bxg7 Kxg7 13. 0-0-0 a6 14. f4 Ng4 15. Bxg4 Bxg4 16. Nf3 Nc8 17. c5 d5 18. exd5 cxd5 19. Nxd5 Ne7 20. Qc3+ Kh6 21. Nf6 Qc7 22. Nxg4+ hxg4 23. Ne5 Rac8 24. h5 Qxc5 25. Nxg4+ Kh7 26. hxg6+ Kxg6 27. Rh6+ Kf5 28. Rh5+ 1-0

[Event "POL-ch Rapid"]
[Site "Lublin"]
[Date "2024.10.05"]
[Round "7"]
[White "Przybylski, Wojciech"]
[Black "Krasenkow, Michal"]
[Result "1-0"]
[WhiteElo "2325"]
[BlackElo "2490"]
[PlyCount "145"]
[EventDate "2024.10.05"]
[EventType "swiss (rapid)"]
[EventRounds "9"]
[EventCountry "POL"]
[SourceTitle "CB45_2024"]
[Source "ChessBase"]
[SourceDate "2024.11.06"]
[SourceVersion "1"]
[SourceVersionDate "2024.11.06"]
[SourceQuality "1"]

1. e4 g6 2. d4 Bg7 3. Nf3 d6 4. Nc3 Nf6 5. Be2 0-0 6. 0-0 c6 7. h3 b5 8. a3 Bb7 9. Re1 a6 10. Bf4 c5 11. dxc5 dxc5 12. e5 Nd5 13. Nxd5 Qxd5 14. c4 Qxd1 15. Raxd1 b4 16. Be3 Rc8 17. Rd2 bxa3 18. bxa3 Nc6 19. Rb1 Na5 20. e6 fxe6 21. Ng5 Bf6 22. Bg4 Rcb8 23. Bxe6+ Kg7 24. Bf4 Bxg5 25. Bxg5 Bc8 26. Re1 Bxe6 27. Rxe6 Rb7 28. Rde2 Nxc4 29. Rxe7+ Rxe7 30. Rxe7+ Kg8 31. Bf6 Nxa3 32. Rg7+ Kf8 33. Rxh7 Re8 34. Rc7 Re1+ 35. Kh2 Re6 36. Bb2 Nb5 37. Rxc5 Re2 38. Bc1 Rxf2 39. Rc6 Kf7 40. Rxa6 Nc3 41. Be3 Rf1 42. Bd4 Ne4 43. h4 Rd1 44. Be3 Nf6 45. Bg5 Ng4+ 46. Kg3 Rd4 47. Bf4 Nf6 48. Bc1 Nh5+ 49. Kh3 Rd3+ 50. Kh2 Nf6 51. Ra4 Rb3 52. Bg5 Nd5 53. Ra6 Ne3 54. Rf6+ Kg7 55. Rf4 Nf5 56. Re4 Ra3 57. g4 Ra2+ 58. Kg1 Ng3 59. Re3 Ne2+ 60. Kf1 Nd4 61. Re7+ Kf8 62. Re4 Nb5 63. Re6 Kf7 64. Rf6+ Kg7 65. Rb6 Na7 66. Be3 Nc8 67. Bd4+ Kf7 68. Rf6+ Ke7 69. Rxg6 Rh2 70. h5 Kf7 71. Be5 Ne7 72. Rf6+ Kg8 73. Bxh2 1-0